Представление документа в формате MARC21

Поле Инд. ПП Название Значение
Тип записи a
Библиографический уровень m
001 Контрольный номер RU/LIBMSTU/280838422
005 Дата корректировки 20170217165045.5
020 00 a ISBN 5-211-04233-6
c Цена, тираж 125-00; 125-00
084 a Индекс другой классификации/Индекс ББК 66.0я2+67.400
090 x Авторский знак Ф 32
a Полочн. индекс 66я2
245 00 a Заглавие Федерализм
b Продолж. заглавия энциклопедия
c Ответственность Е. Б. Бородяев, Н. П. Бродская, В. Н. Ватыль и др. ; отв. ред. К. С. Гаджиев и др.
260 00 a Место издания Москва
b Издательство МГУ
c Дата издания 2000
300 00 a Объем 640 с.; 637 с.
650 _4 a Основная рубрика Федерализм-Энциклопедии
653 00 a Ключевые слова Территориально-государственное устройство
a Ключевые слова Управление
a Ключевые слова Федеральное устройство
a Ключевые слова Федерация
990 00 f Даты поступлений (DOS) 04.04
f Даты поступлений (DOS) 11.01